| 000 | 00607nam a2200205 a 4500 | ||
|---|---|---|---|
| 999 |
_c508 _d508 |
||
| 008 | 190909s2012 ii ||||gr|||| 000 0 eng d | ||
| 020 |
_a9788182110014 _cRs. 125.00 |
||
| 040 |
_aKO _beng |
||
| 041 | 0 | _aeng | |
| 044 | _aii | ||
| 082 | 0 | 4 |
_223 _a425 _bP2811 |
| 100 | 1 | _aPaul, Neeraj | |
| 245 | 1 | 0 |
_aEveryday Grammar : _bLearning Grammar Could Never be Simpler / _cNeeraj Paul |
| 260 |
_aNew Delhi : _bThe Readers Paradise, _c2012 |
||
| 300 |
_a212 p. ; _c21.5 cm. |
||
| 650 | 0 |
_aEnglish language _xGrammar _vTextbooks |
|
| 650 | 0 |
_aEnglish language _xStudy and teaching _vTextbooks |
|
| 942 | _cBK | ||